[Event "DVM U12 2016"]
[Site "Magdeburg GER"]
[Date "2016.12.29"]
[Round "5"]
[White "Breitzmann, Sander"]
[Black "Marschall, Tillmann"]
[Result "1-0"]
[Termination "normal"]
[Board "8.1"]
[WhiteElo "1705"]
[BlackElo "1669"]
[WhiteTeam "SV Empor Berlin"]
[BlackTeam "SG Trier"]
[PlyCount "103"]
[WhiteFideId "12987085"]
[BlackFideId "12973220"]
[EventCountry "GER"]
[EventRounds "7"]
[EventType "team-swiss"]
[EventDate "2016.12.26"]

1. e4 c6 2. d4 d5 3. Nc3 dxe4 4. Nxe4 Bf5 5. Ng3 Bg6 6. h4 h6 7. Nf3 Nd7 8. h5
Bh7 9. Bd3 Bxd3 10. Qxd3 Qc7 11. Bd2 Ngf6 12. O-O-O e6 13. Ne4 Nxe4 14. Qxe4
Nf6 15. Qe2 Bd6 16. g3 O-O-O 17. c4 c5 18. Bc3 cxd4 19. Nxd4 a6 20. Rd2 Rd7 21.
Rhd1 Rhd8 22. Kb1 Kb8 23. b4 Rc8 24. c5 Nd5 25. Bb2 Be7 26. Nxe6 fxe6 27. Be5
Nc3+ 28. Bxc3 Rxd2 29. Rxd2 Bf6 30. Bxf6 gxf6 31. Qxe6 Rd8 32. Rxd8+ Qxd8 33.
Qd6+ Qxd6 34. cxd6 Kc8 35. Kc2 Kd7 36. Kd3 Kxd6 37. Kd4 f5 38. f4 b6 39. Kc4
Kc6 40. b5+ axb5+ 41. Kb4 Kc7 42. Kxb5 Kb7 43. Kc4 Kc6 44. Kd4 Kd6 45. a4 Ke6
46. Ke3 Kd5 47. Kf3 Kc4 48. g4 fxg4+ 49. Kxg4 Kb4 50. f5 Kxa4 51. f6 b5 52. f7
1-0

[Event "DVM U12 2016"]
[Site "Magdeburg GER"]
[Date "2016.12.29"]
[Round "5"]
[White "Metzdorf, Matteo"]
[Black "Nitsche, Nikolai"]
[Result "1/2-1/2"]
[Termination "normal"]
[Board "8.2"]
[WhiteElo "1308"]
[BlackElo "1314"]
[WhiteTeam "SG Trier"]
[BlackTeam "SV Empor Berlin"]
[PlyCount "63"]
[WhiteFideId "16209869"]
[BlackFideId "16221036"]
[EventCountry "GER"]
[EventRounds "7"]
[EventType "team-swiss"]
[EventDate "2016.12.26"]

1. e4 e6 2. d4 d5 3. Nc3 Nf6 4. e5 Nfd7 5. f4 c5 6. Nf3 Nc6 7. Be3 Qb6 8. Na4
Qa5+ 9. c3 cxd4 10. b4 Qc7 11. Nxd4 a6 12. Qd2 b5 13. Nb2 Nb6 14. Be2 Be7 15.
O-O O-O 16. Bd3 Nxd4 17. Bxd4 f6 18. Qe3 Nc4 19. Nxc4 bxc4 20. Bc2 a5 21. Bb6
Qc6 22. a3 Bb7 23. Bd4 g6 24. Qg3 Kg7 25. f5 exf5 26. Bxf5 fxe5 27. Qxe5+ Bf6
28. Qe7+ Rf7 29. Bxf6+ Qxf6 30. Qxf6+ Rxf6 31. Bc2 axb4 32. axb4 1/2-1/2

[Event "DVM U12 2016"]
[Site "Magdeburg GER"]
[Date "2016.12.29"]
[Round "5"]
[White "Beer, Ludwig"]
[Black "Felten, Maximilian"]
[Result "1-0"]
[Termination "normal"]
[Board "8.3"]
[WhiteElo "1235"]
[BlackElo "1612"]
[WhiteTeam "SV Empor Berlin"]
[BlackTeam "SG Trier"]
[PlyCount "131"]
[WhiteFideId "16202813"]
[BlackFideId "4004949"]
[EventCountry "GER"]
[EventRounds "7"]
[EventType "team-swiss"]
[EventDate "2016.12.26"]

1. e4 e6 2. d4 d5 3. exd5 exd5 4. Bd3 Nc6 5. c3 Bd6 6. Nf3 Bg4 7. O-O Nge7 8.
Bg5 Qd7 9. Re1 O-O-O 10. Nbd2 h6 11. Bxe7 Nxe7 12. Qc2 g5 13. Re2 Be6 14. Ne5
Qe8 15. Rae1 Bxe5 16. Rxe5 Nc6 17. R5e2 Qd7 18. Nf3 Rde8 19. Bf5 Re7 20. Bxe6
fxe6 21. Qg6 Nd8 22. Ne5 Qd6 23. Qc2 Rhh7 24. Qa4 a6 25. Rc2 Rhg7 26. c4 Nf7
27. c5 Qd8 28. Nd3 c6 29. Rce2 Qd7 30. f3 Rg8 31. Qa5 Rge8 32. b4 Qc7 33. Qxc7+
Kxc7 34. f4 gxf4 35. Nxf4 Ng5 36. Nd3 Ne4 37. Nf2 Ng5 38. Ng4 Rg7 39. Rf1 h5
40. Nf2 Reg8 41. Re3 Rf7 42. Nh3 Rxf1+ 43. Kxf1 Rf8+ 44. Kg1 Ne4 45. Rf3 Rxf3
46. gxf3 Nf6 47. Kg2 Kd7 48. Kg3 Ke7 49. Kh4 Kf7 50. Nf4 e5 51. dxe5 Ne8 52.
Kxh5 Ng7+ 53. Kg5 Ke7 54. h4 Ne6+ 55. Nxe6 Kxe6 56. Kf4 Kf7 57. Ke3 Kg6 58. f4
Kf5 59. h5 Ke6 60. h6 Kf7 61. e6+ Kxe6 62. h7 Kf5 63. h8=Q Kg4 64. Qg7+ Kh4 65.
Kf3 Kh5 66. Qg5# 1-0

[Event "DVM U12 2016"]
[Site "Magdeburg GER"]
[Date "2016.12.29"]
[Round "5"]
[White "Kirschweng, Luca"]
[Black "Eulenstein, Conrad"]
[Result "1-0"]
[Termination "normal"]
[Board "8.4"]
[WhiteElo "1186"]
[BlackElo "1133"]
[WhiteTeam "SG Trier"]
[BlackTeam "SV Empor Berlin"]
[PlyCount "79"]
[WhiteFideId "16262514"]
[EventCountry "GER"]
[EventRounds "7"]
[EventType "team-swiss"]
[EventDate "2016.12.26"]

1. e4 e5 2. Nf3 Nc6 3. Bc4 Bc5 4. c3 d6 5. d4 exd4 6. cxd4 Bb4+ 7. Bd2 Bxd2+ 8.
Nbxd2 Bg4 9. O-O Nge7 10. Qb3 O-O 11. h3 Bh5 12. Rfe1 Na5 13. Qb4 Nxc4 14. Qxc4
Nc6 15. Qb5 Bxf3 16. Nxf3 Rb8 17. d5 Ne5 18. Nd4 c6 19. Qb3 c5 20. Nf5 Re8 21.
f4 Ng6 22. Qg3 Qf6 23. Re2 Ne7 24. Nxe7+ Qxe7 25. Qf3 f6 26. Rae1 Rf8 27. g4 h6
28. h4 Kh8 29. g5 Rbe8 30. gxh6 gxh6 31. Qh5 Qh7 32. e5 Qg7+ 33. Rg2 Qh7 34.
Kh1 f5 35. Rg6 Rf7 36. Rxh6 Kg8 37. Rg1+ Kf8 38. Rxh7 Rxh7 39. Qxh7 Re7 40.
Rg8# 1-0

[Event "DVM U12 2016"]
[Site "Magdeburg GER"]
[Date "2016.12.29"]
[Round "5"]
[White "Stockmann, Till"]
[Black "Meier, Silas"]
[Result "1-0"]
[Termination "normal"]
[Board "9.1"]
[WhiteElo "1688"]
[BlackElo "1535"]
[WhiteTeam "VfL Gräfenhainchen"]
[BlackTeam "Schachakademie Paderborn"]
[PlyCount "83"]
[WhiteFideId "12979341"]
[BlackFideId "16210662"]
[EventCountry "GER"]
[EventRounds "7"]
[EventType "team-swiss"]
[EventDate "2016.12.26"]

1. e4 e6 2. d4 d5 3. Nc3 Nf6 4. exd5 exd5 5. Nf3 Bg4 6. Be2 c6 7. Ne5 Bf5 8.
O-O Bd6 9. f4 Nbd7 10. g4 Be4 11. g5 Ng8 12. Nxe4 dxe4 13. Bc4 Nxe5 14. fxe5
Be7 15. Bxf7+ Kd7 16. Qg4+ Kc7 17. Qxe4 Bxg5 18. Bxg8 Rxg8 19. Rf7+ Kb6 20. a4
a5 21. Qd3 Rb8 22. Be3 Qd5 23. Raf1 Bf6 24. Qb3+ Qxb3 25. cxb3 Bh4 26. d5+ c5
27. Rd7 Rbd8 28. Rff7 Rxd7 29. Rxd7 Re8 30. e6 Re7 31. Rd6+ Kc7 32. Bxc5 Bf6
33. Rb6 Re8 34. d6+ Kb8 35. d7 Rd8 36. Bd6+ Ka7 37. Rb5 b6 38. Bc7 h6 39. Bxb6+
Ka8 40. Bxd8 Bxd8 41. Rc5 Bb6 42. d8=Q+ 1-0

[Event "DVM U12 2016"]
[Site "Magdeburg GER"]
[Date "2016.12.29"]
[Round "5"]
[White "Quinque, Pepe"]
[Black "Li, Xianquan"]
[Result "1-0"]
[Termination "normal"]
[Board "9.3"]
[WhiteElo "872"]
[BlackElo "856"]
[WhiteTeam "VfL Gräfenhainchen"]
[BlackTeam "Schachakademie Paderborn"]
[PlyCount "129"]
[WhiteFideId "16255550"]
[BlackFideId "16284356"]
[EventCountry "GER"]
[EventRounds "7"]
[EventType "team-swiss"]
[EventDate "2016.12.26"]

1. e4 e6 2. Nf3 Nf6 3. d3 Nc6 4. e5 Nd5 5. g3 d6 6. d4 Be7 7. Bg2 b6 8. O-O Bb7
9. Nbd2 Qd7 10. c3 O-O-O 11. Ne4 Ba6 12. Re1 g6 13. Bg5 h6 14. Bxe7 Ncxe7 15.
a3 Nc6 16. b3 g5 17. Bh3 Rdg8 18. g4 Nf4 19. Bg2 Ne2+ 20. Kh1 dxe5 21. dxe5
Qxd1 22. Raxd1 Kb7 23. c4 Nf4 24. b4 Bxc4 25. Bf1 Bd5 26. Bg2 Bxe4 27. Rxe4 f5
28. gxf5 exf5 29. Rc4 Rd8 30. Nd4 Ne2 31. Bxc6+ Kc8 32. Rd2 Nxd4 33. Rdxd4 f4
34. e6 Rh7 35. Rxd8+ Kxd8 36. Rd4+ Ke7 37. Rd7+ Kxe6 38. Rxh7 Kd6 39. Rxh6+ Ke5
40. Bd7 c5 41. bxc5 bxc5 42. Re6+ Kd5 43. Rg6 c4 44. Rxg5+ Kd4 45. Ba4 c3 46.
Rg1 Kc4 47. Rc1 f3 48. h4 Kd5 49. Rxc3 Ke6 50. Rxf3 Ke7 51. Kg2 Kd6 52. Rf5 Ke6
53. Ra5 Kf6 54. Kf3 Kg6 55. Kf4 Kh6 56. Kg4 Kg6 57. Ra6+ Kf7 58. Kg5 Ke7 59.
Kf5 Kd8 60. Rxa7 Kc8 61. Ke6 Kb8 62. Rh7 Kc8 63. Kd6 Kb8 64. Kc6 Ka8 65. Kb6
1-0

[Event "DVM U12 2016"]
[Site "Magdeburg GER"]
[Date "2016.12.29"]
[Round "5"]
[White "Franke, Josef"]
[Black "Hetzner, Hannes"]
[Result "0-1"]
[Termination "normal"]
[Board "10.1"]
[WhiteElo "1034"]
[BlackElo "1558"]
[WhiteTeam "SK Neumarkt"]
[BlackTeam "SC Erlangen"]
[PlyCount "62"]
[BlackFideId "16211936"]
[EventCountry "GER"]
[EventRounds "7"]
[EventType "team-swiss"]
[EventDate "2016.12.26"]

1. e4 e6 2. Nf3 d5 3. exd5 exd5 4. d4 Bd6 5. Bd3 Ne7 6. Be3 Bf5 7. Bb5+ c6 8.
Ba4 Nd7 9. Nbd2 Nf6 10. Rc1 O-O 11. c4 Ng6 12. c5 Bf4 13. O-O Re8 14. Re1 Ng4
15. Nf1 Nxe3 16. Nxe3 Be4 17. Bc2 Re6 18. g3 Bxe3 19. Rxe3 Bxc2 20. Rxc2 Rxe3
21. fxe3 Qf6 22. Rf2 Qe7 23. Qd3 Re8 24. Re2 f6 25. Kg2 Qe4 26. Qd2 Ne7 27. h3
Nf5 28. Kf2 h5 29. Nh4 Nxh4 30. gxh4 Qxh4+ 31. Kg2 Qe4+ 0-1

[Event "DVM U12 2016"]
[Site "Magdeburg GER"]
[Date "2016.12.29"]
[Round "5"]
[White "Högner, Tom"]
[Black "Henseler, Daniel"]
[Result "1-0"]
[Termination "normal"]
[Board "10.2"]
[WhiteElo "1550"]
[BlackElo "1089"]
[WhiteTeam "SC Erlangen"]
[BlackTeam "SK Neumarkt"]
[PlyCount "105"]
[WhiteFideId "12995436"]
[EventCountry "GER"]
[EventRounds "7"]
[EventType "team-swiss"]
[EventDate "2016.12.26"]

1. e4 e5 2. Nf3 Nc6 3. d4 d5 4. exd5 Qxd5 5. Nc3 Qd6 6. d5 Nb4 7. a3 Na6 8.
Bxa6 bxa6 9. O-O Bg4 10. Qd3 Nf6 11. Bg5 Be7 12. Bxf6 Bxf6 13. Ne4 Qe7 14.
Nxf6+ Qxf6 15. Nxe5 Bf5 16. Qb3 O-O 17. Nc6 Bd7 18. Qb7 Bxc6 19. dxc6 Rfc8 20.
Rab1 h6 21. Qxa6 Rd8 22. Qb7 Rdc8 23. Rfd1 Qg6 24. Rd7 Qxc2 25. Rf1 Rab8 26.
Qa6 Qxb2 27. Rfd1 Qc2 28. h3 Qc5 29. R7d4 Qb6 30. Ra4 Qxa6 31. Rxa6 Ra8 32. Rb1
Kf8 33. Rb7 Ke7 34. f3 Kd6 35. Kf2 Re8 36. Rb5 Re5 37. Rxe5 Kxe5 38. Ke3 f6 39.
Kd3 Kd5 40. a4 g6 41. Kc3 Kc5 42. Ra5+ Kxc6 43. Ra6+ Kd5 44. Rxf6 Rg8 45. Ra6
Rg7 46. Rxa7 Kc6 47. Ra6+ Kd5 48. Ra5+ c5 49. Rb5 Ra7 50. a5 Re7 51. Rb6 Rg7
52. a6 h5 53. Rb7 1-0

[Event "DVM U12 2016"]
[Site "Magdeburg GER"]
[Date "2016.12.29"]
[Round "5"]
[White "Henseler, Sebastian"]
[Black "Zeltner, Richard"]
[Result "0-1"]
[Termination "normal"]
[Board "10.3"]
[WhiteElo "769"]
[BlackElo "1404"]
[WhiteTeam "SK Neumarkt"]
[BlackTeam "SC Erlangen"]
[PlyCount "44"]
[BlackFideId "12972703"]
[EventCountry "GER"]
[EventRounds "7"]
[EventType "team-swiss"]
[EventDate "2016.12.26"]

1. e4 e5 2. Bc4 Nf6 3. Nc3 Nc6 4. Nf3 Nxe4 5. O-O Nxc3 6. bxc3 d5 7. Bb3 Bd6 8.
d4 e4 9. Ng5 h6 10. Nh3 Be6 11. Nf4 Qh4 12. h3 Bxf4 13. Bxf4 Qxf4 14. Ba4 Qg5
15. Bb3 Bxh3 16. g3 Bg4 17. Qe1 Bf3 18. Qe3 Qh5 19. Qxf3 exf3 20. Rfe1+ Ne7 21.
Rxe7+ Kxe7 22. Kf1 Qh1# 0-1

[Event "DVM U12 2016"]
[Site "Magdeburg GER"]
[Date "2016.12.29"]
[Round "5"]
[White "Wu, Wilfried"]
[Black "Reger, Christoph"]
[Result "1-0"]
[Termination "normal"]
[Board "10.4"]
[WhiteElo "1241"]
[BlackElo "920"]
[WhiteTeam "SC Erlangen"]
[BlackTeam "SK Neumarkt"]
[PlyCount "59"]
[WhiteFideId "16260775"]
[BlackFideId "16287606"]
[EventCountry "GER"]
[EventRounds "7"]
[EventType "team-swiss"]
[EventDate "2016.12.26"]

1. e4 e5 2. Nf3 d6 3. Bc4 Nc6 4. Nc3 Nf6 5. d3 g6 6. Bg5 Bg7 7. Qd2 O-O 8.
O-O-O Bg4 9. h3 Bxf3 10. gxf3 Nb4 11. a3 Nc6 12. Rhg1 Na5 13. Ba2 h6 14. Bxh6
Bxh6 15. Rxg6+ Kh8 16. Qxh6+ Nh7 17. Rg2 Rg8 18. Rdg1 Rxg2 19. Rxg2 Qf6 20.
Qxf6+ Nxf6 21. Bxf7 Nc6 22. Kd2 Nd4 23. Rg3 Rf8 24. Bg6 Rg8 25. Ne2 Nd7 26.
Nxd4 exd4 27. Bf5 Rxg3 28. fxg3 Ne5 29. f4 Nf3+ 30. Ke2 1-0

[Event "DVM U12 2016"]
[Site "Magdeburg GER"]
[Date "2016.12.29"]
[Round "6"]
[White "Nguyen, Alex Dac-Vuong"]
[Black "Liebold, Aaron"]
[Result "1/2-1/2"]
[Termination "normal"]
[Board "1.1"]
[WhiteElo "2098"]
[BlackElo "1746"]
[WhiteClock "00:48:57"]
[BlackClock "00:20:54"]
[WhiteTeam "BSG Grün-Weiß Leipzig"]
[BlackTeam "ESV Gera"]
[PlyCount "64"]
[WhiteFideId "12984388"]
[BlackFideId "12997846"]
[EventCountry "GER"]
[EventRounds "7"]
[EventType "team-swiss"]
[EventDate "2016.12.26"]

1. e4 {[%clk 1:15:58]} c5 {[%clk 1:15:54]} 2. c3 {[%clk 1:16:25]} d5 {[%clk
1:16:16]} 3. exd5 {[%clk 1:16:51]} Qxd5 {[%clk 1:16:38]} 4. d4 {[%clk 1:17:18]}
Nc6 {[%clk 1:16:51]} 5. Nf3 {[%clk 1:17:43]} Bf5 {[%clk 1:17:17]} 6. Be3 {[%clk
1:16:40]} Bxb1 {[%clk 1:16:31]} 7. Qxb1 {[%clk 1:13:06]} e6 {[%clk 1:15:03]} 8.
c4 {[%clk 1:12:54]} Qd8 {[%clk 1:14:51]} 9. dxc5 {[%clk 1:12:38]} Qa5+ {[%clk
1:09:57]} 10. Bd2 {[%clk 1:12:54]} Qxc5 {[%clk 1:09:25]} 11. Be2 {[%clk
1:12:55]} Nf6 {[%clk 1:07:51]} 12. O-O {[%clk 1:13:11]} Be7 {[%clk 1:05:01]}
13. Be3 {[%clk 1:13:20]} Qa5 {[%clk 1:04:56]} 14. a3 {[%clk 1:13:26]} O-O
{[%clk 1:04:46]} 15. b4 {[%clk 1:13:19]} Qc7 {[%clk 1:04:54]} 16. Qb3 {[%clk
1:12:34]} Rac8 {[%clk 1:02:16]} 17. Rac1 {[%clk 1:11:34]} Qb8 {[%clk 0:58:10]}
18. h3 {[%clk 1:06:50]} Rfd8 {[%clk 0:55:56]} 19. Qa4 {[%clk 1:05:47]} e5
{[%clk 0:51:46]} 20. Rfd1 {[%clk 1:05:09]} b6 {[%clk 0:41:10]} 21. Rxd8+ {[%clk
1:02:56]} Nxd8 {[%clk 0:40:27]} 22. Qa6 {[%clk 1:02:05]} e4 {[%clk 0:34:23]}
23. Nd4 {[%clk 1:01:05]} Nc6 {[%clk 0:34:44]} 24. Nxc6 {[%clk 0:51:51]} Rxc6
{[%clk 0:31:55]} 25. c5 {[%clk 0:51:34]} Nd5 {[%clk 0:24:35]} 26. b5 {[%clk
0:51:36]} Rxc5 {[%clk 0:24:34]} 27. Bxc5 {[%clk 0:52:00]} Bxc5 {[%clk 0:24:41]}
28. Qa4 {[%clk 0:51:43]} e3 {[%clk 0:23:39]} 29. f3 {[%clk 0:49:55]} Nf4 {[%clk
0:21:17]} 30. Qc2 {[%clk 0:49:11]} Nxh3+ {[%clk 0:20:23]} 31. gxh3 {[%clk
0:48:30]} Qg3+ {[%clk 0:20:34]} 32. Kh1 {[%clk 0:48:57]} Qxh3+ {[%clk 0:20:54]}
1/2-1/2

[Event "DVM U12 2016"]
[Site "Magdeburg GER"]
[Date "2016.12.29"]
[Round "6"]
[White "Schubert, Nikita"]
[Black "Wagner, Leopold Franziskus"]
[Result "0-1"]
[Termination "normal"]
[Board "1.2"]
[WhiteElo "1792"]
[BlackElo "1769"]
[WhiteClock "00:13:53"]
[BlackClock "00:31:17"]
[WhiteTeam "ESV Gera"]
[BlackTeam "BSG Grün-Weiß Leipzig"]
[PlyCount "76"]
[WhiteFideId "16212339"]
[BlackFideId "1641581"]
[EventCountry "GER"]
[EventRounds "7"]
[EventType "team-swiss"]
[EventDate "2016.12.26"]

1. d4 {[%clk 1:15:57]} Nf6 {[%clk 1:15:42]} 2. Nf3 {[%clk 1:16:21]} e6 {[%clk
1:15:48]} 3. g3 {[%clk 1:16:43]} b6 {[%clk 1:16:14]} 4. Bg2 {[%clk 1:17:08]}
Bb7 {[%clk 1:16:38]} 5. O-O {[%clk 1:17:22]} d5 {[%clk 1:16:47]} 6. c4 {[%clk
1:16:57]} Nbd7 {[%clk 1:16:54]} 7. Nbd2 {[%clk 1:15:51]} Be7 {[%clk 1:13:18]}
8. b3 {[%clk 1:15:08]} O-O {[%clk 1:13:41]} 9. Bb2 {[%clk 1:15:23]} Rc8 {[%clk
1:13:13]} 10. e3 {[%clk 1:11:20]} c5 {[%clk 1:13:21]} 11. Rc1 {[%clk 1:10:27]}
Qc7 {[%clk 1:13:24]} 12. Qe2 {[%clk 1:09:52]} Rfd8 {[%clk 1:13:44]} 13. Rfd1
{[%clk 1:10:00]} Qb8 {[%clk 1:12:54]} 14. Ba3 {[%clk 1:08:01]} Bf8 {[%clk
1:11:12]} 15. Bb2 {[%clk 1:06:25]} dxc4 {[%clk 1:10:46]} 16. Nxc4 {[%clk
1:04:05]} Qa8 {[%clk 1:06:55]} 17. Ne1 {[%clk 0:59:16]} Bxg2 {[%clk 1:01:19]}
18. Nxg2 {[%clk 0:59:32]} cxd4 {[%clk 1:01:37]} 19. Bxd4 {[%clk 0:57:16]} Bc5
{[%clk 1:00:43]} 20. Bb2 {[%clk 0:56:12]} Qb8 {[%clk 0:55:30]} 21. Nf4 {[%clk
0:46:38]} b5 {[%clk 0:53:49]} 22. Nd2 {[%clk 0:46:33]} e5 {[%clk 0:52:35]} 23.
Nd3 {[%clk 0:45:05]} Bd6 {[%clk 0:50:45]} 24. Ne1 {[%clk 0:40:50]} e4 {[%clk
0:48:15]} 25. Ng2 {[%clk 0:39:38]} Be5 {[%clk 0:48:22]} 26. Bxe5 {[%clk
0:31:04]} Qxe5 {[%clk 0:47:57]} 27. Nb1 {[%clk 0:29:24]} a6 {[%clk 0:44:26]}
28. Nf4 {[%clk 0:23:04]} h6 {[%clk 0:40:15]} 29. Qd2 {[%clk 0:19:35]} g5 {[%clk
0:34:56]} 30. Ng2 {[%clk 0:17:58]} Qe6 {[%clk 0:33:09]} 31. Qe2 {[%clk
0:16:00]} Rxc1 {[%clk 0:32:51]} 32. Rxc1 {[%clk 0:16:17]} Qh3 {[%clk 0:32:24]}
33. Nd2 {[%clk 0:16:19]} Ne5 {[%clk 0:32:11]} 34. Nf1 {[%clk 0:15:35]} Nf3+
{[%clk 0:32:11]} 35. Kh1 {[%clk 0:15:34]} Rd2 {[%clk 0:31:42]} 36. Qxd2 {[%clk
0:15:19]} Nxd2 {[%clk 0:32:00]} 37. Nxd2 {[%clk 0:15:45]} Qd7 {[%clk 0:31:05]}
38. Rd1 {[%clk 0:13:53]} Qd3 {[%clk 0:31:17]} 0-1

[Event "DVM U12 2016"]
[Site "Magdeburg GER"]
[Date "2016.12.29"]
[Round "6"]
[White "Haufe, Laurin"]
[Black "Müller, Magnus"]
[Result "1-0"]
[Termination "normal"]
[Board "1.3"]
[WhiteElo "1661"]
[BlackElo "1599"]
[WhiteClock "00:47:52"]
[BlackClock "00:14:36"]
[WhiteTeam "BSG Grün-Weiß Leipzig"]
[BlackTeam "ESV Gera"]
[PlyCount "57"]
[WhiteFideId "12976504"]
[BlackFideId "16230060"]
[EventCountry "GER"]
[EventRounds "7"]
[EventType "team-swiss"]
[EventDate "2016.12.26"]

1. e4 {[%clk 1:15:56]} e5 {[%clk 1:15:49]} 2. Nf3 {[%clk 1:16:18]} Nc6 {[%clk
1:15:58]} 3. d4 {[%clk 1:16:43]} exd4 {[%clk 1:16:15]} 4. Nxd4 {[%clk 1:17:09]}
Qh4 {[%clk 1:16:01]} 5. Nc3 {[%clk 1:17:24]} Bb4 {[%clk 1:15:34]} 6. Ndb5
{[%clk 1:17:39]} Qxe4+ {[%clk 1:13:19]} 7. Be2 {[%clk 1:17:58]} Bxc3+ {[%clk
1:08:29]} 8. bxc3 {[%clk 1:18:22]} Kd8 {[%clk 1:07:56]} 9. O-O {[%clk 1:18:04]}
a6 {[%clk 1:06:32]} 10. Nd4 {[%clk 1:18:04]} h5 {[%clk 1:01:02]} 11. Bf3 {[%clk
1:18:22]} Qg6 {[%clk 0:59:25]} 12. Re1 {[%clk 1:18:22]} Nge7 {[%clk 0:57:57]}
13. Qe2 {[%clk 1:17:14]} Qf6 {[%clk 0:53:23]} 14. Bb2 {[%clk 1:10:30]} Re8
{[%clk 0:48:57]} 15. Rad1 {[%clk 1:09:37]} h4 {[%clk 0:44:08]} 16. Ba3 {[%clk
1:07:40]} Nxd4 {[%clk 0:42:14]} 17. Rxd4 {[%clk 1:02:18]} d6 {[%clk 0:40:05]}
18. Qd3 {[%clk 0:59:31]} Nf5 {[%clk 0:32:37]} 19. Rxe8+ {[%clk 0:55:57]} Kxe8
{[%clk 0:32:56]} 20. Rf4 {[%clk 0:54:13]} g5 {[%clk 0:29:15]} 21. Bxb7 {[%clk
0:48:29]} Bxb7 {[%clk 0:28:09]} 22. Rxf5 {[%clk 0:48:18]} Qe6 {[%clk 0:24:09]}
23. Qe3 {[%clk 0:48:38]} Qxe3 {[%clk 0:22:44]} 24. fxe3 {[%clk 0:48:42]} Ke7
{[%clk 0:19:12]} 25. Rxg5 {[%clk 0:49:02]} Kf6 {[%clk 0:19:23]} 26. Rg4 {[%clk
0:46:59]} Rh8 {[%clk 0:18:09]} 27. c4 {[%clk 0:47:09]} h3 {[%clk 0:18:12]} 28.
Bb2+ {[%clk 0:47:27]} Kf5 {[%clk 0:14:36]} 29. Rf4+ {[%clk 0:47:52]} 1-0

[Event "DVM U12 2016"]
[Site "Magdeburg GER"]
[Date "2016.12.29"]
[Round "6"]
[White "Helmsdorf, Marius"]
[Black "Rose, Noah"]
[Result "1-0"]
[Termination "normal"]
[Board "1.4"]
[WhiteElo "1301"]
[BlackElo "1547"]
[WhiteClock "00:17:35"]
[BlackClock "00:14:26"]
[WhiteTeam "ESV Gera"]
[BlackTeam "BSG Grün-Weiß Leipzig"]
[PlyCount "93"]
[WhiteFideId "16274873"]
[BlackFideId "12990191"]
[EventCountry "GER"]
[EventRounds "7"]
[EventType "team-swiss"]
[EventDate "2016.12.26"]

1. d4 {[%clk 1:15:58]} Nf6 {[%clk 1:15:46]} 2. c4 {[%clk 1:16:20]} g6 {[%clk
1:16:12]} 3. Nc3 {[%clk 1:16:38]} Bg7 {[%clk 1:16:37]} 4. e4 {[%clk 1:16:23]}
d6 {[%clk 1:17:01]} 5. Be2 {[%clk 1:15:59]} O-O {[%clk 1:17:25]} 6. Nf3 {[%clk
1:16:03]} Nbd7 {[%clk 1:17:27]} 7. O-O {[%clk 1:15:56]} e5 {[%clk 1:17:44]} 8.
dxe5 {[%clk 1:12:05]} dxe5 {[%clk 1:18:06]} 9. Be3 {[%clk 1:11:30]} c6 {[%clk
1:17:50]} 10. h3 {[%clk 1:10:52]} Qe7 {[%clk 1:17:28]} 11. Qc2 {[%clk 1:09:49]}
Nc5 {[%clk 1:10:07]} 12. Rfd1 {[%clk 1:07:44]} Nfd7 {[%clk 1:08:35]} 13. Rd2
{[%clk 1:06:21]} Nb6 {[%clk 1:06:19]} 14. Rad1 {[%clk 1:04:04]} Be6 {[%clk
1:05:33]} 15. b3 {[%clk 1:02:45]} f5 {[%clk 1:04:07]} 16. Bg5 {[%clk 0:59:22]}
Qf7 {[%clk 1:00:17]} 17. Be3 {[%clk 0:52:30]} Nxe4 {[%clk 0:52:41]} 18. Nxe4
{[%clk 0:51:34]} fxe4 {[%clk 0:52:58]} 19. Ng5 {[%clk 0:48:43]} Qe7 {[%clk
0:51:35]} 20. Nxe6 {[%clk 0:48:04]} Qxe6 {[%clk 0:51:57]} 21. c5 {[%clk
0:36:49]} Nd5 {[%clk 0:40:16]} 22. Bc4 {[%clk 0:35:18]} Kh8 {[%clk 0:39:15]}
23. Bxd5 {[%clk 0:32:14]} cxd5 {[%clk 0:39:26]} 24. Rxd5 {[%clk 0:32:03]} Qf5
{[%clk 0:24:31]} 25. Rd7 {[%clk 0:25:03]} Rf7 {[%clk 0:24:32]} 26. Rxf7 {[%clk
0:21:15]} Qxf7 {[%clk 0:24:42]} 27. Qxe4 {[%clk 0:21:29]} Qc7 {[%clk 0:24:31]}
28. Rd5 {[%clk 0:17:42]} Rc8 {[%clk 0:13:02]} 29. b4 {[%clk 0:11:47]} Qc6
{[%clk 0:11:00]} 30. Qd3 {[%clk 0:10:24]} Qe8 {[%clk 0:09:39]} 31. Bg5 {[%clk
0:07:29]} h6 {[%clk 0:09:04]} 32. Rd8 {[%clk 0:07:00]} Rxd8 {[%clk 0:09:25]}
33. Qxd8 {[%clk 0:07:13]} Qxd8 34. Bxd8 {[%clk 0:07:36]} Kg8 {[%clk 0:09:57]}
35. Kf1 {[%clk 0:07:31]} Kf7 {[%clk 0:09:52]} 36. Ke2 {[%clk 0:07:42]} Ke6
{[%clk 0:09:51]} 37. Ba5 {[%clk 0:06:54]} Bf8 {[%clk 0:09:37]} 38. Kd3 {[%clk
0:06:43]} b6 {[%clk 0:07:20]} 39. cxb6 {[%clk 0:05:45]} axb6 {[%clk 0:07:36]}
40. Bxb6 {[%clk 0:05:59]} Bxb4 {[%clk 0:07:43]} 41. Ke4 {[%clk 0:05:35]} Ba3
{[%clk 0:07:43]} 42. Bc7 {[%clk 0:03:56]} Bc5 {[%clk 0:06:51]} 43. f3 {[%clk
0:03:39]} Bd4 {[%clk 0:00:45]} 44. a4 {[%clk 0:03:29]} g5 {[%clk 0:14:12]} 45.
a5 {[%clk 0:18:11]} Ba7 {[%clk 0:14:18]} 46. Bb6 {[%clk 0:17:35]} Bxb6 {[%clk
0:14:26]} 47. axb6 1-0